<?xml version="1.0" encoding="UTF-8"?><?xml-stylesheet type="text/xsl" href="static/style.xsl"?><OAI-PMH xmlns="http://www.openarchives.org/OAI/2.0/" xmlns:xsi="http://www.w3.org/2001/XMLSchema-instance" xsi:schemaLocation="http://www.openarchives.org/OAI/2.0/ http://www.openarchives.org/OAI/2.0/OAI-PMH.xsd"><responseDate>2026-04-29T04:09:09Z</responseDate><request verb="GetRecord" identifier="oai:repisalud.isciii.es:20.500.12105/10778" metadataPrefix="marc">https://repisalud.isciii.es/rest/oai/request</request><GetRecord><record><header><identifier>oai:repisalud.isciii.es:20.500.12105/10778</identifier><datestamp>2024-05-21T11:02:21Z</datestamp><setSpec>com_20.500.12105_2203</setSpec><setSpec>com_20.500.12105_2202</setSpec><setSpec>col_20.500.12105_19505</setSpec><setSpec>col_20.500.12105_19585</setSpec></header><metadata><record xmlns="http://www.loc.gov/MARC21/slim" xmlns:dcterms="http://purl.org/dc/terms/" xmlns:doc="http://www.lyncode.com/xoai" xmlns:xsi="http://www.w3.org/2001/XMLSchema-instance" xsi:schemaLocation="http://www.loc.gov/MARC21/slim http://www.loc.gov/standards/marcxml/schema/MARC21slim.xsd">
   <leader>00925njm 22002777a 4500</leader>
   <datafield ind2=" " ind1=" " tag="042">
      <subfield code="a">dc</subfield>
   </datafield>
   <datafield ind2=" " ind1=" " tag="720">
      <subfield code="a">Instituto de Salud Carlos III. Centro Nacional de Epidemiología</subfield>
      <subfield code="e">author</subfield>
   </datafield>
   <datafield ind2=" " ind1=" " tag="260">
      <subfield code="c">2016-10-09</subfield>
   </datafield>
   <datafield ind2=" " ind1=" " tag="520">
      <subfield code="a">En la intertemporada 2016 el CNE ha publicado 3 informes de vigilancia de gripe: 30 de junio, 4 de agosto y 8 de septiembre, correspondientes a los períodos de vigilancia de las semanas 21-25, 26-30 y 31-
35/2016 respectivamente. Este es el primer informe de vigilancia de gripe en la temporada 2016-17,
correspondiente a la semana 40/2016. En la semana 40/2016, primera semana de vigilancia de la temporada 2016-17, la tasa global de incidencia de gripe es de 5,57 casos por 100.000 habitantes. Se notifica la primera detección viral centinela de la temporada en Melilla, correspondiente a una infección por virus de la gripe C. Se identifican 5 detecciones VRS entre las 274 muestras analizadas (tasa de detección 1,8%).
A nivel mundial, la actividad gripal varía en los países de la zona templada de Sudamérica, continúa en
Sudáfrica y desciende en Oceanía. En la zona templada del hemisferio norte, la actividad gripal se mantiene con niveles propios de inter-temporada.</subfield>
   </datafield>
   <datafield ind1="8" ind2=" " tag="024">
      <subfield code="a">http://hdl.handle.net/20.500.12105/10778</subfield>
   </datafield>
   <datafield tag="653" ind2=" " ind1=" ">
      <subfield code="a">Gripe</subfield>
   </datafield>
   <datafield tag="653" ind2=" " ind1=" ">
      <subfield code="a">Vigilancia Epidemiológica</subfield>
   </datafield>
   <datafield ind2="0" ind1="0" tag="245">
      <subfield code="a">Informe semanal de Vigilancia de la Gripe en España Semana 40/2016 (3 - 9 de octubre 2016) Nº 477. 13 de octubre de 2016</subfield>
   </datafield>
</record></metadata></record></GetRecord></OAI-PMH>